Kommuner i Västra Götaland - Statistics

General Stats
  • This quiz has been taken 191 times
  • The average score is 23 of 48
Answer Stats
Kommuner % Correct
Göteborg
93%
Borås
87%
Trollhättan
82%
Alingsås
81%
Skövde
74%
Uddevalla
70%
Skara
67%
Mölndal
66%
Lidköping
64%
Vänersborg
63%
Mariestad
60%
Partille
60%
Falköping
59%
Kungälv
57%
lerum
55%
Vara
55%
Ale
53%
Stenungsund
52%
Strömstad
51%
Tjörn
50%
Lysekil
49%
Ulricehamn
48%
Hjo
46%
Orust
46%
Åmål
45%
Bollebygd
44%
Herrljunga
42%
Tidaholm
42%
Götene
41%
Lilla Edet
41%
Grästorp
38%
Härryda
37%
Mellerud
37%
Tanum
37%
Vårgårda
37%
Tibro
36%
bengtsfors
35%
Dals-Ed
34%
Karlsborg
34%
Öckerö
34%
Töreboda
33%
Mark
31%
Munkedal
31%
Gullspång
30%
Essunga
29%
Sotenäs
28%
Tranemo
27%
Färgelanda
25%
No matching quizzes found
Score Distribution
Percent of People with Each Score
Percentile by Number Answered
Your Score History
You have not taken this quiz